00996nam a2200241 a 450000100060000000300090000600800410001502000150005604000280007108200180009910000560011724500330017325000060020626000310021230000110024350501770025459000640043165000340049565000430052994200120057299900170058495201530060119075CO-ViMGA141112s2004 ck r 000 u spa d a9701506766 aCO-ViMGAbspacCO-ViMGA04a621.302 Z417p1 aZbar, Paul; Malvino, Albert; Miller, Michael92736410aPrácticas de Electrónica a7 aMexico : bAlfaomega; 2001 a380 p. aFuncionamiento de semiconductores y circuitos integrados Manjeo de instrumentos y dispositivos electronicos Conceptos teoricos fundamentales y procedimientos experimentales aForma de adquisición : Proyecto 2005 - - Precio : 54.00014aELECTRONICA - MANUALES92736514aINGENIERIA ELECTRICA - MANUALES927366 2ddccBK c28261d28261 00102ddc40708002aMEVIECARbMEVIECARd2015-12-04hVolumen. 1 | 11/jun/2009l0o621.302 Z417p p19075r2018-02-17 00:00:00tEj. 1w2015-12-04yBK